Nueva literatura económica dominicana : (Registro nro. 14011)

Detalles MARC
000 -LEADER
fixed length control field 02236nam a2200349 a 4500
003 - CONTROL NUMBER IDENTIFIER
control field DO-SdBNP
005 - DATE AND TIME OF LATEST TRANSACTION
control field 20240216103213.0
008 - FIXED-LENGTH DATA ELEMENTS--GENERAL INFORMATION
fixed length control field 130307s2009 dr 000 0 spa d
020 ## - INTERNATIONAL STANDARD BOOK NUMBER
International Standard Book Number 9789945443486
020 ## - INTERNATIONAL STANDARD BOOK NUMBER
International Standard Book Number 9789945582147 (v. 206)
040 ## - CATALOGING SOURCE
Original cataloging agency DO-SdBNP
Language of cataloging spa
Transcribing agency BPMSU
082 ## - DEWEY DECIMAL CLASSIFICATION NUMBER
Classification number 330.97293
Item number C744n, 2013
Edition number 22
245 10 - TITLE STATEMENT
Title Nueva literatura económica dominicana :
Remainder of title Premios del Concurso de Economía Biblioteca "Juan Pablo Duarte" 2013 /
Statement of responsibility, etc. edición José Alcántara Almánzar, Elvis Soto.
260 ## - PUBLICATION, DISTRIBUTION, ETC. (IMPRINT)
Place of publication, distribution, etc. Santo Domingo :
Name of publisher, distributor, etc. Banco Central de la República Dominicana,
Date of publication, distribution, etc. 2014.
300 ## - PHYSICAL DESCRIPTION
Extent xvii, 335 p. ;
Dimensions 24 cm.
490 1# - SERIES STATEMENT
Series statement Banco Central de la República Dominicana
Volume/sequential designation 206
490 1# - SERIES STATEMENT
Series statement Nueva Literatura Económica
Volume/sequential designation 17
500 ## - GENERAL NOTE
General note Incluye referencias bibliográficas y notas al pie de las páginas
500 ## - GENERAL NOTE
General note Primios del Concurso de Economía "Biblioteca Juan Pablo Duarte"
505 0# - FORMATTED CONTENTS NOTE
Title Oferta laboral en la República Dominicana: tendencias y determinantes /
Statement of responsibility Francisco A. Ramírez de Léon --
Title Un índice de estabilidad bancaria para la República Dominicana: una aproximación cuantitativa de estabilidad financiera /
Statement of responsibility Carlos Alberto Delgado Urbáez, Yocauris García Rodríguez --
Title Análisis del registro tardio de nacimientos en República Dominicana /
Statement of responsibility Raymer Díaz Hernández --
Title Determinantes de la pobreza y vulnerabilidad social en República Dominicana 2000-2012
Statement of responsibility Nerys F. Ramírez--
Title Fatores asociados al desempeño de los estudiantes de República Dominicana/
Statement of responsibility Amarilis Altagracia Aquino, Ariadne Checo de los Santos, Jaime Pérez
586 ## - AWARDS NOTE
Awards note Premios del Concurso de Economía Biblioteca "Juan Pablo Duarte"
590 ## - LOCAL NOTE (RLIN)
Local note Inventariado, 2022/VM
650 #4 - SUBJECT ADDED ENTRY--TOPICAL TERM
Topical term or geographic name as entry element Mercado laboral
Geographic subdivision República Dominicana
Form subdivision Congresos, conferencias, etc.
650 #4 - SUBJECT ADDED ENTRY--TOPICAL TERM
Topical term or geographic name as entry element Registro civil
Geographic subdivision República Dominicana
Form subdivision Congresos, conferencias, etc.
650 #4 - SUBJECT ADDED ENTRY--TOPICAL TERM
Topical term or geographic name as entry element Estabilidad económica
Geographic subdivision República Dominicana
Form subdivision Congreos, conferencias, etc.
650 #4 - SUBJECT ADDED ENTRY--TOPICAL TERM
Topical term or geographic name as entry element Seguridad social
Geographic subdivision República Dominicana
Form subdivision Congresos, conferencias, etc.
700 1# - ADDED ENTRY--PERSONAL NAME
Personal name Alcántara Almánzar, José
Relator term ed.
700 1# - ADDED ENTRY--PERSONAL NAME
Personal name Soto, Elvis
Relator term ed.
710 2# - ADDED ENTRY--CORPORATE NAME
Corporate name or jurisdiction name as entry element Banco Central de la República Dominicana
910 ## - USER-OPTION DATA (OCLC)
User-option data VMateo V. Control de calidad. BPMSU
942 ## - ADDED ENTRY ELEMENTS (KOHA)
Source of classification or shelving scheme Dewey Decimal Classification
Koha item type Libros
Existencias
Withdrawn status Lost status Source of classification or shelving scheme Damaged status Not for loan Collection code Home library Current library Date acquired Source of acquisition Total Checkouts Full call number Barcode Date last seen Price effective from Koha item type
    Dewey Decimal Classification     Colección Dominicana Biblioteca Pública Metropolitana Salomé Ureña Biblioteca Pública Metropolitana Salomé Ureña 02/04/2022 Banco Central de la República Dominicana   BPMSU CD 330.97293 C744n, 2013 BPMSU22020026 02/04/2022 02/04/2022 Libros